Kuch ghatanayen kuch samsmaran: (Record no. 82012)
[ view plain ]
| 000 -LEADER | |
|---|---|
| fixed length control field | 00602nam a2200205Ia 4500 |
| 003 - CONTROL NUMBER IDENTIFIER | |
| control field | OSt |
| 005 - DATE AND TIME OF LATEST TRANSACTION | |
| control field | 20260406100552.0 |
| 008 - FIXED-LENGTH DATA ELEMENTS--GENERAL INFORMATION | |
| fixed length control field | 210210b1969 xxu||||| |||| 00| 0 eng d |
| 040 ## - CATALOGING SOURCE | |
| Transcribing agency | AL |
| 041 ## - LANGUAGE CODE | |
| Language code of text/sound track or separate title | hin |
| 082 ## - DEWEY DECIMAL CLASSIFICATION NUMBER | |
| Classification number | H891.4 TANK |
| 100 ## - MAIN ENTRY--PERSONAL NAME | |
| Personal name | TANTIYA (Rameshvar) |
| 9 (RLIN) | 197737 |
| 110 ## - MAIN ENTRY--CORPORATE NAME | |
| Subordinate unit | ताँतिया (रामेश्वर) |
| 9 (RLIN) | 197738 |
| 245 ## - TITLE STATEMENT | |
| Title | Kuch ghatanayen kuch samsmaran: |
| Remainder of title | कुछ घटनाएं कुछ संस्मरण |
| 260 ## - PUBLICATION, DISTRIBUTION, ETC. | |
| Place of publication, distribution, etc. | Kalkata |
| Name of publisher, distributor, etc. | Hindi Pustak Ejensi |
| Date of publication, distribution, etc. | 1969 |
| 300 ## - PHYSICAL DESCRIPTION | |
| Extent | 151 |
| 690 ## - LOCAL SUBJECT ADDED ENTRY--TOPICAL TERM (OCLC, RLIN) | |
| Topical term or geographic name as entry element | Hindi Prose |
| 9 (RLIN) | 197739 |
| 906 ## - LOCAL DATA ELEMENT F, LDF (RLIN) | |
| a | 030843 |
| 942 ## - ADDED ENTRY ELEMENTS (KOHA) | |
| Source of classification or shelving scheme | Dewey Decimal Classification |
| Koha item type | Book |
| Withdrawn status | Lost status | Source of classification or shelving scheme | Damaged status | Not for loan | Collection code | Home library | Current library | Date acquired | Cost, normal purchase price | Total Checkouts | Full call number | Barcode | Date last seen | Price effective from | Koha item type |
|---|---|---|---|---|---|---|---|---|---|---|---|---|---|---|---|
| Dewey Decimal Classification | Hindi | St Aloysius Library | St Aloysius Library | 02/17/2021 | 0.00 | H891.4 TANK | 030843 | 02/17/2021 | 02/17/2021 | Book |